ABC in 15 seconds - Statistics

General Stats
  • This quiz has been taken 175 times
  • The average score is 23 of 26
Answer Stats
Answer % Correct
b
99%
e
99%
c
97%
d
97%
i
96%
f
95%
a
94%
h
94%
j
92%
o
92%
p
92%
k
91%
l
91%
g
90%
m
90%
r
90%
n
87%
q
87%
t
85%
u
84%
s
82%
w
82%
v
80%
y
76%
x
72%
z
72%
No matching quizzes found
Score Distribution
Percent of People with Each Score
Percentile by Number Answered
Your Score History
You have not taken this quiz